[Event "7th Francophone-ch 2019"]
[Site "Paris"]
[Date "2019.08.10"]
[Round "7.8"]
[White "Ralison, Milanto Harifidy"]
[Black "Di Nicolantonio, Lucas"]
[Result "1-0"]
[WhiteElo "2291"]
[BlackElo "2396"]
[Annotator "NA"]
[PlyCount "125"]
[EventDate "2019.08.04"]
[EventType "swiss"]
[EventCountry "FRA"]
[SourceTitle "playchess.com"]
[Source "ChessBase"]
[SourceQuality "1"]
[TimeControl "40/5400+30:1800+30"]

1. e4 {[%emt 0:00:00]} g6 {[%emt 0:02:41]} 2. d4 {[%emt 0:00:00]} Bg7 {[%emt 0:00:07]} 3. Nc3 {[%emt 0:00:27]} d6 {[%emt 0:00:31]} 4. Be3 {[%emt 0:00:55]} a6 {[%emt 0:00:17]} 5. a4 {[%emt 0:00:24]} b6 {[%emt 0:02:23]} 6. Bc4 {[%emt 0:01:21]} e6 {[%emt 0:02:10]} 7. f3 {[%emt 0:02:11]} Ne7 {[%emt 0:05:03]} 8. Bb3 {[%emt 0:00:43]} c5 {[%emt 0:11:11]} 9. Nge2 {[%emt 0:01:10]} Nbc6 {[%emt 0:03:41]} 10. d5 {[%emt 0:03:35]} exd5 {[%emt 0:00:13]} 11. Nxd5 {[%emt 0:00:38]} O-O {[%emt 0:10:43]} 12. c3 {[%emt 0:01:18]} Bb7 {[%emt 0:04:56]} 13. Qd2 {[%emt 0:01:33]} b5 {[%emt 0:20:50]} 14. Rd1 {[%emt 0:03:05]} c4 {[%emt 0:09:25]} 15. Ba2 {[%emt 0:00:45]} Ne5 {[%emt 0:11:37]} 16. Nxe7+ {[%emt 0:02:06]} Qxe7 {[%emt 0:00:04]} 17. O-O {[%emt 0:00:35]} Rad8 {[%emt 0:07:54]} 18. Nf4 {[%emt 0:01:59]} f5 {[%emt 0:01:34]} 19. Nd5 {[%emt 0:01:31]} Qe6 {[%emt 0:00:19]} 20. Bg5 {[%emt 0:01:38]} Rd7 {[%emt 0:00:39]} 21. Bb1 {[%emt 0:01:27]} fxe4 {[%emt 0:01:24]} 22. fxe4 {[%emt 0:02:11]} Rdf7 {[%emt 0:01:27]} 23. Rxf7 {[%emt 0:02:41]} Rxf7 {[%emt 0:00:07]} 24. h3 {[%emt 0:00:37]} Qe8 {[%emt 0:01:12]} 25. axb5 {[%emt 0:01:30]} axb5 {[%emt 0:00:03]} 26. Bc2 {[%emt 0:00:33]} Qf8 {[%emt 0:00:09]} 27. Nf4 {[%emt 0:03:06]} Qe8 {[%emt 0:02:17]} 28. Nd5 {[%emt 0:03:49]} Qf8 {[%emt 0:00:02]} 29. Ne3 {[%emt 0:02:25]} h6 {[%emt 0:00:12]} 30. Bh4 {[%emt 0:00:23]} Nd3 {[%emt 0:01:08]} 31. Bxd3 {[%emt 0:01:33]} cxd3 32. Qxd3 {[%emt 0:00:13]} Be5 {[%emt 0:00:29]} 33. Nd5 {[%emt 0:01:39]} g5 {[%emt 0:00:25]} 34. Bg3 {[%emt 0:00:33]} Qe8 {[%emt 0:00:26]} 35. Bxe5 {[%emt 0:01:42]} Qxe5 {[%emt 0:00:05]} 36. Qd4 {[%emt 0:00:13]} Qe6 {[%emt 0:01:12]} 37. Rf1 {[%emt 0:00:52]} Rxf1+ {[%emt 0:00:42]} 38. Kxf1 {[%emt 0:00:05]} Kh7 {[%emt 0:00:40]} 39. Ke2 {[%emt 0:02:03]} Qf7 {[%emt 0:00:32]} 40. Ne3 {[%emt 0:02:26]} Qe6 {[%emt 0:00:39]} 41. Kd3 {[%emt 0:31:21]} Qa2 {[%emt 0:02:44]} 42. Kc2 {[%emt 0:00:00]} Qe6 {[%emt 0:01:09]} 43. Nd5 {[%emt 0:00:00]} Qf7 {[%emt 0:09:22]} 44. Kb3 {[%emt 0:00:00]} Qf1 {[%emt 0:12:41]} 45. Ne3 {[%emt 0:08:01]} Qa1 {[%emt 0:01:09]} 46. Kc2 {[%emt 0:03:43]} Qa8 {[%emt 0:02:45]} 47. Nd5 {[%emt 0:10:02]} Qf8 {[%emt 0:00:14]} 48. Qf6 {[%emt 0:01:20]} Qxf6 {[%emt 0:00:11]} 49. Nxf6+ {[%emt 0:00:04]} Kg6 {[%emt 0:00:05]} 50. Nd5 {[%emt 0:00:03]} g4 {[%emt 0:00:33]} 51. h4 {[%emt 0:08:55]} g3 {[%emt 0:00:06]} 52. Kd3 {[%emt 0:00:27]} Kh5 {[%emt 0:00:14]} 53. Ke3 {[%emt 0:03:18]} Kxh4 {[%emt 0:02:13]} 54. Kf4 {[%emt 0:00:48]} Kh5 {[%emt 0:01:35]} 55. Ne7 {[%emt 0:00:20]} Ba8 {[%emt 0:01:36]} 56. Nf5 {[%emt 0:01:11]} d5 {[%emt 0:00:10]} 57. e5 {[%emt 0:01:28]} d4 {[%emt 0:00:20]} 58. cxd4 {[%emt 0:01:30]} Bxg2 {[%emt 0:00:04]} 59. Kxg3 {[%emt 0:01:44]} Bb7 {[%emt 0:00:09]} 60. Kf4 {[%emt 0:00:39]} Kg6 {[%emt 0:00:09]} 61. d5 {[%emt 0:01:03]} h5 {[%emt 0:01:09]} 62. d6 {[%emt 0:01:06]} Kf7 {[%emt 0:00:05]} 63. d7 {[%emt 0:00:13]} 1-0

[Event "7th Francophone-ch 2019"]
[Site "Paris"]
[Date "2019.08.10"]
[Round "7.9"]
[White "Chandesris, Ludovic"]
[Black "Okhotnik, Vladimir"]
[Result "1-0"]
[WhiteElo "2272"]
[BlackElo "2381"]
[Annotator "NA"]
[PlyCount "117"]
[EventDate "2019.08.04"]
[EventType "swiss"]
[EventCountry "FRA"]
[SourceTitle "playchess.com"]
[Source "ChessBase"]
[SourceQuality "1"]
[TimeControl "40/5400+30:1800+30"]

1. e4 {[%emt 0:00:00]} c5 {[%emt 0:00:00]} 2. Nf3 {[%emt 0:00:00]} e6 {[%emt 0:00:00]} 3. c3 {[%emt 0:00:21]} d5 {[%emt 0:00:00]} 4. exd5 {[%emt 0:00:26]} exd5 {[%emt 0:00:02]} 5. d4 {[%emt 0:01:00]} Nc6 {[%emt 0:00:23]} 6. Be2 {[%emt 0:01:42]} Bd6 {[%emt 0:00:29]} 7. Be3 {[%emt 0:01:35]} c4 {[%emt 0:01:16]} 8. b3 {[%emt 0:01:13]} cxb3 {[%emt 0:00:05]} 9. axb3 {[%emt 0:00:06]} Nge7 {[%emt 0:00:21]} 10. O-O {[%emt 0:01:00]} O-O {[%emt 0:00:10]} 11. Re1 {[%emt 0:03:24]} a6 {[%emt 0:00:51]} 12. Nbd2 {[%emt 0:05:26]} Nf5 {[%emt 0:00:33]} 13. Nf1 {[%emt 0:00:32]} Nce7 {[%emt 0:04:58]} 14. Qc2 {[%emt 0:04:00]} Nxe3 {[%emt 0:02:22]} 15. Nxe3 {[%emt 0:00:06]} f6 {[%emt 0:01:22]} 16. Nxd5 {[%emt 0:02:31]} Nxd5 {[%emt 0:01:44]} 17. Bc4 {[%emt 0:00:06]} Kh8 {[%emt 0:00:46]} 18. Bxd5 {[%emt 0:00:05]} Bxh2+ {[%emt 0:00:06]} 19. Kxh2 {[%emt 0:00:52]} Qxd5 {[%emt 0:00:06]} 20. c4 {[%emt 0:01:55]} Qh5+ {[%emt 0:07:24]} 21. Kg1 {[%emt 0:00:06]} Bf5 {[%emt 0:00:14]} 22. Qd2 {[%emt 0:02:45]} Rfe8 {[%emt 0:02:37]} 23. Rxe8+ {[%emt 0:08:34]} Rxe8 {[%emt 0:00:34]} 24. Re1 {[%emt 0:00:42]} g5 {[%emt 0:03:30]} 25. d5 {[%emt 0:03:11]} Qf7 {[%emt 0:03:29]} 26. Rxe8+ {[%emt 0:16:57]} Qxe8 {[%emt 0:00:04]} 27. Qd4 {[%emt 0:00:08]} Kg7 {[%emt 0:02:22]} 28. Nxg5 {[%emt 0:03:18]} Qe1+ {[%emt 0:00:05]} 29. Kh2 {[%emt 0:00:04]} Qe5+ {[%emt 0:00:03]} 30. Qxe5 {[%emt 0:00:10]} fxe5 {[%emt 0:00:02]} 31. Nf3 {[%emt 0:09:33]} Kf6 {[%emt 0:01:04]} 32. Kg3 {[%emt 0:00:00]} a5 {[%emt 0:02:03]} 33. Nd2 {[%emt 0:00:22]} b6 {[%emt 0:02:01]} 34. Kf3 {[%emt 0:01:50]} Bc2 {[%emt 0:00:05]} 35. Kg4 {[%emt 0:02:26]} Bf5+ {[%emt 0:04:44]} 36. Kf3 {[%emt 0:02:39]} Bc2 {[%emt 0:00:08]} 37. Ke3 {[%emt 0:00:23]} Ke7 {[%emt 0:00:20]} 38. g3 {[%emt 0:06:05]} Kd6 {[%emt 0:02:24]} 39. Ne4+ {[%emt 0:02:08]} Kc7 {[%emt 0:00:44]} 40. Nd2 {[%emt 0:01:29]} Kd6 {[%emt 0:00:09]} 41. f4 {[%emt 0:35:10]} exf4+ {[%emt 0:30:09]} 42. Kxf4 {[%emt 0:04:03]} h5 {[%emt 0:02:28]} 43. Ke3 {[%emt 0:01:45]} Ke5 {[%emt 0:04:37]} 44. Nf3+ {[%emt 0:01:22]} Kd6 {[%emt 0:00:15]} 45. Nd4 {[%emt 0:00:19]} Bd1 {[%emt 0:00:07]} 46. Kf4 {[%emt 0:07:41]} Bg4 {[%emt 0:05:06]} 47. Nf5+ {[%emt 0:01:59]} Kd7 {[%emt 0:01:23]} 48. Ne3 {[%emt 0:01:12]} Be2 {[%emt 0:00:41]} 49. Ke5 {[%emt 0:00:10]} Bf3 {[%emt 0:02:35]} 50. d6 {[%emt 0:00:00]} Bc6 {[%emt 0:00:00]} 51. Nd5 {[%emt 0:00:00]} b5 {[%emt 0:00:00]} 52. cxb5 {[%emt 0:00:00]} Bxb5 {[%emt 0:00:00]} 53. Nf6+ {[%emt 0:00:00]} Kd8 {[%emt 0:00:00]} 54. Nxh5 {[%emt 0:00:00]} Be2 {[%emt 0:00:00]} 55. Nf4 {[%emt 0:00:00]} Bd1 {[%emt 0:00:00]} 56. Ne6+ {[%emt 0:00:00]} Kd7 {[%emt 0:00:00]} 57. Nc5+ {[%emt 0:00:00]} Kc6 {[%emt 0:00:00]} 58. d7 {[%emt 0:00:00]} Kc7 {[%emt 0:00:00]} 59. Ke4 {[%emt 0:06:39]} 1-0

[Event "7th Francophone-ch 2019"]
[Site "Paris"]
[Date "2019.08.10"]
[Round "7.10"]
[White "Najart, David"]
[Black "Berend, Fred"]
[Result "0-1"]
[WhiteElo "2280"]
[BlackElo "2350"]
[Annotator "NA"]
[PlyCount "68"]
[EventDate "2019.08.04"]
[EventType "swiss"]
[EventCountry "FRA"]
[SourceTitle "playchess.com"]
[Source "ChessBase"]
[SourceQuality "1"]
[TimeControl "40/5400+30:1800+30"]

1. c4 {[%emt 0:00:00]} g6 {[%emt 0:00:00]} 2. g3 {[%emt 0:00:00]} Bg7 {[%emt 0:00:00]} 3. Bg2 {[%emt 0:00:00]} e5 {[%emt 0:02:33]} 4. Nc3 {[%emt 0:00:04]} d6 {[%emt 0:01:33]} 5. d3 {[%emt 0:01:03]} f5 {[%emt 0:01:30]} 6. e3 {[%emt 0:00:44]} Nf6 {[%emt 0:00:08]} 7. Nge2 {[%emt 0:00:10]} O-O {[%emt 0:00:12]} 8. h3 {[%emt 0:01:15]} c6 {[%emt 0:00:54]} 9. f4 {[%emt 0:07:31]} Na6 {[%emt 0:04:58]} 10. Rb1 {[%emt 0:04:47]} Nc7 {[%emt 0:00:26]} 11. b4 {[%emt 0:00:48]} Re8 {[%emt 0:09:05]} 12. O-O {[%emt 0:16:57]} a6 {[%emt 0:02:19]} 13. Kh2 {[%emt 0:04:42]} exf4 {[%emt 0:03:15]} 14. gxf4 {[%emt 0:01:13]} d5 {[%emt 0:05:40]} 15. c5 {[%emt 0:02:15]} Bd7 {[%emt 0:10:48]} 16. Nd4 {[%emt 0:07:32]} Re7 {[%emt 0:02:48]} 17. a4 {[%emt 0:05:57]} Qe8 {[%emt 0:04:49]} 18. Qd2 {[%emt 0:00:37]} Ne6 {[%emt 0:05:42]} 19. Nxe6 {[%emt 0:08:02]} Rxe6 {[%emt 0:00:51]} 20. Bf3 {[%emt 0:04:34]} Qe7 {[%emt 0:06:56]} 21. Rf2 {[%emt 0:25:11]} Re8 {[%emt 0:01:20]} 22. Re2 {[%emt 0:00:32]} h6 {[%emt 0:03:56]} 23. Qe1 {[%emt 0:02:45]} Bc8 {[%emt 0:01:20]} 24. Bd2 {[%emt 0:00:55]} a5 {[%emt 0:00:19]} 25. d4 {[%emt 0:00:30]} axb4 {[%emt 0:00:15]} 26. Rxb4 {[%emt 0:00:01]} g5 {[%emt 0:02:27]} 27. fxg5 {[%emt 0:01:28]} hxg5 {[%emt 0:00:07]} 28. Qg3 {[%emt 0:01:22]} g4 {[%emt 0:01:17]} 29. hxg4 {[%emt 0:00:21]} fxg4 {[%emt 0:00:33]} 30. Bg2 {[%emt 0:00:08]} Nh5 {[%emt 0:01:06]} 31. Qe1 {[%emt 0:00:09]} Bf6 {[%emt 0:13:19]} 32. e4 {[%emt 0:01:00]} Bh4 {[%emt 0:00:43]} 33. Qc1 {[%emt 0:00:40]} Qh7 {[%emt 0:01:18]} 34. Bf4 {[%emt 0:00:48]} Nxf4 {[%emt 0:00:32]} 0-1

[Event "7th Francophone-ch 2019"]
[Site "Paris"]
[Date "2019.08.11"]
[Round "8.1"]
[White "Flom, Gabriel"]
[Black "Mastrovasilis, Dimitrios"]
[Result "1/2-1/2"]
[WhiteElo "2494"]
[BlackElo "2589"]
[Annotator "ChessBase"]
[PlyCount "122"]
[EventDate "2019.08.04"]
[EventType "swiss"]
[EventCountry "FRA"]
[SourceTitle "playchess.com"]
[Source "ChessBase"]
[SourceQuality "1"]
[TimeControl "40/5400+30:1800+30"]

1. d4 {[%emt 0:00:00]} d5 {[%emt 0:06:44]} 2. c4 {[%emt 0:00:00]} e6 {[%emt 0:00:25]} 3. Nc3 {[%emt 0:00:00]} Nf6 {[%emt 0:00:29]} 4. cxd5 {[%emt 0:00:42]} Nxd5 {[%emt 0:00:16]} 5. e4 {[%emt 0:01:51]} Nxc3 {[%emt 0:00:13]} 6. bxc3 {[%emt 0:00:02]} c5 {[%emt 0:00:10]} 7. Nf3 {[%emt 0:01:27]} cxd4 {[%emt 0:00:17]} 8. cxd4 {[%emt 0:00:02]} Bb4+ {[%emt 0:00:10]} 9. Bd2 {[%emt 0:00:03]} Bxd2+ {[%emt 0:00:08]} 10. Qxd2 {[%emt 0:00:03]} O-O {[%emt 0:00:10]} 11. Bc4 {[%emt 0:00:25]} Nd7 {[%emt 0:00:08]} 12. O-O {[%emt 0:00:11]} b6 {[%emt 0:00:07]} 13. Rfe1 {[%emt 0:04:32]} Bb7 {[%emt 0:00:15]} 14. Rad1 {[%emt 0:00:07]} Rc8 {[%emt 0:00:17]} 15. Bb3 {[%emt 0:00:04]} h6 {[%emt 0:00:36]} 16. h3 {[%emt 0:14:58]} Qf6 {[%emt 0:03:21]} 17. Nh2 {[%emt 0:01:56]} Rfd8 {[%emt 0:13:21]} 18. Qe3 {[%emt 0:00:16]} Qg6 {[%emt 0:04:09]} 19. f3 {[%emt 0:02:57]} Nf6 {[%emt 0:11:24]} 20. Ng4 {[%emt 0:15:00]} Nxg4 {[%emt 0:04:48]} 21. hxg4 {[%emt 0:00:02]} Qg5 {[%emt 0:00:37]} 22. Qxg5 {[%emt 0:00:40]} hxg5 {[%emt 0:00:03]} 23. d5 {[%emt 0:00:23]} e5 {[%emt 0:31:38]} 24. Kf2 {[%emt 0:07:02]} Kf8 {[%emt 0:01:05]} 25. Rc1 {[%emt 0:19:02]} Ke7 {[%emt 0:00:37]} 26. Ke3 {[%emt 0:03:47]} Kd6 {[%emt 0:02:16]} 27. a4 {[%emt 0:10:28]} Rxc1 {[%emt 0:03:16]} 28. Rxc1 {[%emt 0:00:02]} Rc8 {[%emt 0:00:25]} 29. Rxc8 {[%emt 0:00:04]} Bxc8 {[%emt 0:00:06]} 30. Kd3 {[%emt 0:00:23]} Kc5 {[%emt 0:00:32]} 31. Kc3 {[%emt 0:00:04]} Ba6 {[%emt 0:03:20]} 32. Bc2 {[%emt 0:00:51]} b5 {[%emt 0:08:02]} 33. Bd3 {[%emt 0:06:58]} b4+ {[%emt 0:00:33]} 34. Kd2 {[%emt 0:00:02]} Bc8 {[%emt 0:00:35]} 35. a5 {[%emt 0:06:47]} Bd7 {[%emt 0:01:43]} 36. Kc2 {[%emt 0:00:39]} Ba4+ {[%emt 0:02:22]} 37. Kb2 {[%emt 0:00:08]} Kd4 {[%emt 0:01:34]} 38. Ba6 {[%emt 0:00:09]} Kc5 {[%emt 0:00:29]} 39. Bd3 {[%emt 0:00:50]} g6 {[%emt 0:01:25]} 40. Ba6 {[%emt 0:01:03]} Bd7 {[%emt 0:00:43]} 41. Kb3 {[%emt 0:32:30]} f5 {[%emt 0:00:06]} 42. gxf5 {[%emt 0:03:19]} gxf5 {[%emt 0:00:11]} 43. g3 {[%emt 0:00:01]} fxe4 {[%emt 0:22:02]} 44. fxe4 {[%emt 0:00:07]} Bg4 {[%emt 0:00:07]} 45. Bd3 {[%emt 0:01:05]} Bd1+ {[%emt 0:00:09]} 46. Kb2 {[%emt 0:00:07]} Ba4 {[%emt 0:03:03]} 47. Ba6 {[%emt 0:00:49]} Kd4 {[%emt 0:00:36]} 48. Bb7 {[%emt 0:00:05]} Kc5 {[%emt 0:01:16]} 49. Bc8 {[%emt 0:01:48]} Bb5 {[%emt 0:01:16]} 50. Bf5 {[%emt 0:00:19]} Bc4 {[%emt 0:02:06]} 51. Kc2 {[%emt 0:00:33]} Be2 {[%emt 0:03:06]} 52. Kb3 {[%emt 0:00:11]} Bd1+ {[%emt 0:01:15]} 53. Kb2 {[%emt 0:00:03]} Ba4 {[%emt 0:01:22]} 54. Ka2 {[%emt 0:00:08]} Bc2 {[%emt 0:00:53]} 55. Kb2 {[%emt 0:00:03]} Bd1 {[%emt 0:00:07]} 56. Ka2 {[%emt 0:00:16]} Kb5 {[%emt 0:00:35]} 57. d6 {[%emt 0:00:46]} Kc6 {[%emt 0:00:37]} 58. d7 {[%emt 0:00:03]} Kc7 {[%emt 0:00:00]} 59. Kb2 {[%emt 0:00:23]} Ba4 {[%emt 0:00:00]} 60. Ka2 {[%emt 0:00:10]} Bd1 {[%emt 0:00:49]} 61. Kb2 {[%emt 0:00:05]} Ba4 {[%emt 0:00:06]} 1/2-1/2

[Event "7th Francophone-ch 2019"]
[Site "Paris"]
[Date "2019.08.11"]
[Round "8.2"]
[White "David, Alberto"]
[Black "Fontaine, Quentin"]
[Result "1-0"]
[WhiteElo "2553"]
[BlackElo "2339"]
[Annotator "ChessBase"]
[PlyCount "115"]
[EventDate "2019.08.04"]
[EventType "swiss"]
[EventCountry "FRA"]
[SourceTitle "playchess.com"]
[Source "ChessBase"]
[SourceQuality "1"]
[TimeControl "40/5400+30:1800+30"]

1. Nf3 {[%emt 0:00:00]} d5 {[%emt 0:04:11]} 2. g3 {[%emt 0:00:00]} Nf6 {[%emt 0:00:20]} 3. Bg2 {[%emt 0:00:10]} e6 {[%emt 0:00:37]} 4. O-O {[%emt 0:00:33]} c5 {[%emt 0:00:23]} 5. d3 {[%emt 0:04:39]} Nc6 {[%emt 0:00:15]} 6. Nbd2 {[%emt 0:00:05]} Be7 {[%emt 0:00:03]} 7. e4 {[%emt 0:00:04]} O-O {[%emt 0:00:19]} 8. Re1 {[%emt 0:00:08]} b5 {[%emt 0:00:11]} 9. e5 {[%emt 0:00:10]} Nd7 {[%emt 0:00:04]} 10. Nf1 {[%emt 0:00:05]} Bb7 {[%emt 0:01:27]} 11. h4 {[%emt 0:03:00]} Qc7 {[%emt 0:00:12]} 12. Bf4 {[%emt 0:00:39]} Rfc8 {[%emt 0:00:05]} 13. h5 {[%emt 0:21:41]} h6 {[%emt 0:00:08]} 14. c3 {[%emt 0:06:16]} a5 {[%emt 0:04:11]} 15. a4 {[%emt 0:14:31]} bxa4 {[%emt 0:03:09]} 16. Rxa4 {[%emt 0:00:57]} Nb6 {[%emt 0:14:13]} 17. Ra2 {[%emt 0:01:45]} a4 {[%emt 0:02:28]} 18. N1h2 {[%emt 0:05:47]} d4 {[%emt 0:25:14]} 19. c4 {[%emt 0:00:45]} a3 {[%emt 0:05:23]} 20. Rxa3 {[%emt 0:06:24]} Nb4 {[%emt 0:04:26]} 21. Ng4 {[%emt 0:06:32]} Bc6 {[%emt 0:04:47]} 22. Qe2 {[%emt 0:03:46]} Qb7 {[%emt 0:01:55]} 23. Rea1 {[%emt 0:05:34]} Nc2 {[%emt 0:06:17]} 24. Qxc2 {[%emt 0:00:31]} Bxf3 {[%emt 0:02:13]} 25. Bxf3 {[%emt 0:00:05]} Qxf3 {[%emt 0:00:05]} 26. Qd1 {[%emt 0:00:03]} Qxd1+ {[%emt 0:01:34]} 27. Rxd1 {[%emt 0:00:03]} Rab8 {[%emt 0:05:37]} 28. Ra7 {[%emt 0:03:25]} Kf8 {[%emt 0:00:37]} 29. Rda1 {[%emt 0:00:15]} Ke8 {[%emt 0:00:13]} 30. Kf1 {[%emt 0:02:53]} Nd7 {[%emt 0:00:53]} 31. Bc1 {[%emt 0:01:08]} Rb3 {[%emt 0:02:20]} 32. Ke2 {[%emt 0:02:28]} Nb8 {[%emt 0:02:07]} 33. Ra8 {[%emt 0:01:07]} Kd7 {[%emt 0:01:18]} 34. R1a7+ {[%emt 0:04:24]} Rc7 {[%emt 0:00:23]} 35. Rxc7+ {[%emt 0:00:12]} Kxc7 {[%emt 0:00:04]} 36. Ra7+ {[%emt 0:00:05]} Kd8 {[%emt 0:00:19]} 37. Kd2 {[%emt 0:05:06]} Nc6 {[%emt 0:02:08]} 38. Ra8+ {[%emt 0:00:04]} Nb8 {[%emt 0:00:05]} 39. Kc2 {[%emt 0:00:53]} Rb6 {[%emt 0:00:40]} 40. Bd2 {[%emt 0:02:47]} Kc8 {[%emt 0:01:05]} 41. f4 {[%emt 0:05:04]} Kb7 {[%emt 0:00:32]} 42. Ra1 {[%emt 0:00:11]} Nc6 {[%emt 0:00:51]} 43. Rf1 {[%emt 0:02:19]} Ra6 {[%emt 0:02:30]} 44. Nf2 {[%emt 0:04:35]} Kc7 {[%emt 0:02:09]} 45. g4 {[%emt 0:04:27]} Ra8 {[%emt 0:03:04]} 46. f5 {[%emt 0:04:34]} Kb6 {[%emt 0:09:40]} 47. f6 {[%emt 0:01:31]} Bf8 {[%emt 0:00:08]} 48. Re1 {[%emt 0:00:56]} Nb8 {[%emt 0:03:52]} 49. g5 {[%emt 0:01:46]} Nd7 {[%emt 0:00:53]} 50. Ng4 {[%emt 0:04:12]} hxg5 {[%emt 0:00:31]} 51. Bxg5 {[%emt 0:00:05]} Kc6 {[%emt 0:01:36]} 52. Rf1 {[%emt 0:01:38]} Rc8 {[%emt 0:02:08]} 53. fxg7 {[%emt 0:02:00]} Bxg7 {[%emt 0:00:22]} 54. Rxf7 {[%emt 0:00:04]} Nxe5 {[%emt 0:00:33]} 55. Rxg7 {[%emt 0:01:02]} Nxg4 {[%emt 0:00:05]} 56. h6 {[%emt 0:00:27]} Rh8 {[%emt 0:01:39]} 57. h7 {[%emt 0:00:05]} Kd6 {[%emt 0:00:20]} 58. Be7+ {[%emt 0:00:06]} 1-0

[Event "7th Francophone-ch 2019"]
[Site "Paris"]
[Date "2019.08.11"]
[Round "8.3"]
[White "Shchekachev, Andrei"]
[Black "Bergez, Luc"]
[Result "0-1"]
[WhiteElo "2531"]
[BlackElo "2308"]
[Annotator "ChessBase"]
[PlyCount "62"]
[EventDate "2019.08.04"]
[EventType "swiss"]
[EventCountry "FRA"]
[SourceTitle "playchess.com"]
[Source "ChessBase"]
[SourceQuality "1"]
[TimeControl "40/5400+30:1800+30"]

1. Nf3 {[%emt 0:00:22]} d5 {[%emt 0:00:41]} 2. d4 {[%emt 0:00:31]} Nf6 {[%emt 0:01:00]} 3. c4 {[%emt 0:00:12]} e6 {[%emt 0:01:00]} 4. Nc3 {[%emt 0:00:24]} a6 {[%emt 0:03:18]} 5. cxd5 {[%emt 0:02:51]} exd5 {[%emt 0:00:24]} 6. Bg5 {[%emt 0:00:08]} Be7 {[%emt 0:03:33]} 7. e3 {[%emt 0:01:54]} O-O {[%emt 0:01:13]} 8. Bd3 {[%emt 0:00:56]} Be6 {[%emt 0:04:09]} 9. h3 {[%emt 0:03:33]} Nbd7 {[%emt 0:03:28]} 10. O-O {[%emt 0:00:46]} h6 {[%emt 0:02:39]} 11. Bf4 {[%emt 0:02:29]} b5 {[%emt 0:10:23]} 12. Rc1 {[%emt 0:07:40]} c5 {[%emt 0:00:36]} 13. dxc5 {[%emt 0:05:48]} Bxc5 {[%emt 0:00:10]} 14. Ne2 {[%emt 0:08:30]} Rc8 {[%emt 0:02:28]} 15. Nfd4 {[%emt 0:05:39]} Qb6 {[%emt 0:05:03]} 16. Ng3 {[%emt 0:09:46]} g5 {[%emt 0:07:25]} 17. Ndf5 {[%emt 0:03:02]} Bxf5 {[%emt 0:16:26]} 18. Nxf5 {[%emt 0:00:05]} gxf4 {[%emt 0:00:23]} 19. Nxh6+ {[%emt 0:01:13]} Kh8 {[%emt 0:04:35]} 20. exf4 {[%emt 0:00:09]} Ne4 {[%emt 0:07:03]} 21. Bxe4 {[%emt 0:13:36]} dxe4 {[%emt 0:02:41]} 22. Qxd7 {[%emt 0:14:47]} Bxf2+ {[%emt 0:00:38]} 23. Kh1 {[%emt 0:07:33]} Rxc1 {[%emt 0:00:49]} 24. Nxf7+ {[%emt 0:00:02]} Rxf7 {[%emt 0:00:21]} 25. Qe8+ {[%emt 0:00:02]} Kg7 {[%emt 0:00:10]} 26. Rxc1 {[%emt 0:00:01]} Qd4 {[%emt 0:05:06]} 27. Qc8 {[%emt 0:07:04]} Qd6 {[%emt 0:01:48]} 28. Qg4+ {[%emt 0:02:24]} Qg6 {[%emt 0:00:09]} 29. Qd1 {[%emt 0:01:32]} Be3 {[%emt 0:04:04]} 30. Rc8 {[%emt 0:00:44]} Qg3 {[%emt 0:00:18]} 31. Re8 {[%emt 0:00:32]} Qxf4 {[%emt 0:02:02]} 0-1

[Event "7th Francophone-ch 2019"]
[Site "Paris"]
[Date "2019.08.11"]
[Round "8.4"]
[White "Philippe, Guillaume"]
[Black "Mastrovasilis, Athanasios"]
[Result "0-1"]
[WhiteElo "2344"]
[BlackElo "2518"]
[Annotator "ChessBase"]
[PlyCount "84"]
[EventDate "2019.08.04"]
[EventType "swiss"]
[EventCountry "FRA"]
[SourceTitle "playchess.com"]
[Source "ChessBase"]
[SourceQuality "1"]
[TimeControl "40/5400+30:1800+30"]

1. Nf3 {[%emt 0:07:12]} Nf6 {[%emt 0:00:09]} 2. e3 {[%emt 0:00:08]} c5 {[%emt 0:01:25]} 3. c4 {[%emt 0:00:18]} e6 {[%emt 0:00:20]} 4. b3 {[%emt 0:00:11]} d5 {[%emt 0:00:14]} 5. Bb2 {[%emt 0:00:03]} Nc6 {[%emt 0:00:15]} 6. cxd5 {[%emt 0:00:17]} exd5 {[%emt 0:00:07]} 7. d4 {[%emt 0:00:09]} a6 {[%emt 0:04:36]} 8. Be2 {[%emt 0:01:47]} Bd6 {[%emt 0:00:10]} 9. O-O {[%emt 0:08:42]} O-O {[%emt 0:02:46]} 10. dxc5 {[%emt 0:01:30]} Bxc5 {[%emt 0:00:14]} 11. Nc3 {[%emt 0:00:13]} Ba7 {[%emt 0:04:08]} 12. Rc1 {[%emt 0:11:26]} Re8 {[%emt 0:00:17]} 13. Na4 {[%emt 0:43:46]} Ne4 {[%emt 0:03:06]} 14. Nd4 {[%emt 0:00:07]} Qg5 {[%emt 0:01:45]} 15. Nxc6 {[%emt 0:04:23]} bxc6 {[%emt 0:03:56]} 16. Bd4 {[%emt 0:00:03]} Bh3 {[%emt 0:01:17]} 17. Bf3 {[%emt 0:00:03]} Re6 {[%emt 0:00:48]} 18. Re1 {[%emt 0:05:54]} Bxd4 {[%emt 0:33:39]} 19. exd4 {[%emt 0:01:41]} Nd2 {[%emt 0:02:37]} 20. Re3 {[%emt 0:04:55]} Rxe3 {[%emt 0:05:25]} 21. Qxd2 {[%emt 0:00:04]} Re5 {[%emt 0:00:20]} 22. Qxg5 {[%emt 0:00:40]} Rxg5 {[%emt 0:00:03]} 23. Rxc6 {[%emt 0:00:47]} Re8 {[%emt 0:05:56]} 24. Kf1 {[%emt 0:02:43]} Bd7 {[%emt 0:03:35]} 25. Rc1 {[%emt 0:01:04]} Bb5+ {[%emt 0:02:14]} 26. Kg1 {[%emt 0:00:04]} Bxa4 {[%emt 0:01:25]} 27. bxa4 {[%emt 0:00:03]} Rf5 {[%emt 0:01:47]} 28. Kf1 {[%emt 0:01:40]} g6 {[%emt 0:01:03]} 29. Rc5 {[%emt 0:01:04]} Rb8 {[%emt 0:01:15]} 30. Bxd5 {[%emt 0:02:32]} Rb2 {[%emt 0:10:14]} 31. Rc8+ {[%emt 0:01:23]} Kg7 {[%emt 0:00:02]} 32. Bf3 {[%emt 0:00:12]} Rxa2 {[%emt 0:02:46]} 33. Rc4 {[%emt 0:00:08]} Rf4 {[%emt 0:01:32]} 34. Ke1 {[%emt 0:00:02]} a5 {[%emt 0:02:20]} 35. h3 {[%emt 0:00:03]} h5 {[%emt 0:00:29]} 36. Kf1 {[%emt 0:00:56]} g5 {[%emt 0:01:31]} 37. Rc5 {[%emt 0:01:43]} g4 {[%emt 0:00:15]} 38. hxg4 {[%emt 0:00:08]} hxg4 {[%emt 0:00:06]} 39. Rg5+ {[%emt 0:00:12]} Kf6 {[%emt 0:00:20]} 40. Rxg4 {[%emt 0:00:04]} Rxg4 {[%emt 0:00:11]} 41. Bxg4 {[%emt 0:30:03]} Rxa4 {[%emt 0:30:12]} 42. Ke2 {[%emt 0:00:18]} Rxd4 {[%emt 0:06:10]} 0-1